Biblioteca práctica agrícola y ganadera : los fundamentos de la agricultura
Guardado en:
| Formato: | Libro |
|---|---|
| Publicado: |
Barcelona :
Océano,
1987
|
| Materias: | |
| Etiquetas: |
Agregar Etiqueta
Sin Etiquetas, Sea el primero en etiquetar este registro!
|
| LEADER | 01281nam a22001695a 4500 | ||
|---|---|---|---|
| 001 | CEM.cems016649 | ||
| 008 | 130507s1987##################000#0#####d | ||
| 005 | 20231114111113.0 | ||
| 245 | 0 | 0 | |a Biblioteca práctica agrícola y ganadera : |b los fundamentos de la agricultura |
| 260 | |a Barcelona : |b Océano, |c 1987 | ||
| 300 | |a 204 p. | ||
| 505 | 0 | |a El clima y la planta -- La atmósfera -- La radiación solar -- Temperatura y calor -- Agua y medio ambiente -- El suelo y la planta -- Formación del suelo -- El agua del suelo -- Propiedades químicas del suelo -- El laboreo de los suelos -- El agua en la agricultura -- Importancia del agua -- Erosión -- Riego -- Fertilización -- El abonado -- Elementos orgánicos del suelo -- Abonos minerales -- Abonos orgánicos -- Práctica del abonado -- Corrección de suelos defectuosos -- La alternativas de cultivos -- Agriculuta biológica -- El retorno a la naturaleza -- Métodos y prácticas de la agricultura biológica -- La defensa de los cultivos -- Los enemigos de las plantas cultivadas -- Medios de lucha -- Plaguicidas | |
| 020 | |a 8477640041 | ||
| 082 | 0 | 4 | |a 630.3 |
| 653 | |a Agricultura | ||
| 859 | |a CEMS |b BIB. CEMS - Agricultura |h 630.3 |i Oc2 |p A17072.93 |t Ej.1 |v I |3 I | ||
| 859 | |a CEMS |b BIB. CEMS - Agricultura |h 630.3 |i Oc2 |p A1555.12 |t Ej.2 |v I |3 I | ||
